| 000 | 00605nam a2200181 i 4500 | ||
|---|---|---|---|
| 001 | 55414 | ||
| 003 | ES-MaACL | ||
| 007 | t| | ||
| 008 | 030919s1974 sp ||||1| spa d | ||
| 245 | 0 | 3 |
_aEl derecho internacional de la persona humana _b: documentos anotados / _cpor José A. Obieta Chalbaud ... [et al.]. |
| 260 |
_aBilbao : _bMensajero, _c[1974] |
||
| 300 |
_a582 p. ; _c23 cm. |
||
| 490 | 1 | _aInstituto de Derechos del Hombre | |
| 700 | 1 |
_aObieta Chalbaud, José A. _986404 |
|
| 830 | 0 |
_aInstituto de Derechos del Hombre _9230339 |
|
| 852 |
_aES-MaACL _jE-6051 _bR.90536 |
||
| 999 |
_c55414 _d55414 |
||